O Arauto vol. I (Registo nº 199764)

Detalhes MARC
000 -Etiqueta do registo
Valores 00635nam 22002173 4500
010 ## - Número ISBN
ISBN 978-989-9202-25-2
021 ## - Número do Depósito Legal
Código do país Portugal
Número 537411/24
100 ## - Dados gerais de processamento
Dados gerais 20260107d u||y0pory50 ba
200 ## - Titulo e menção de responsabilidade
Título próprio O Arauto vol. I
Primeira menção de responsabilidade argumento e arte Ruben Mocho, co-escrita Allen Dunford
Outras menções de responsabilidade tradução Bruno Caetano
205 ## - Menção da edição
Edição
210 ## - Publicação
Local de publicação Prior Velho
Nome do editor A Seita C.R.L.
Data de publicação 2024
215 ## - Descrição física 
Paginação / Volumes 65, [7] p.
Outras indicações físicas il. ; encadernado
Dimensões 28 cm
606 ## - Nome comum usado como assunto
ID Autoridade 1586
Palavra de ordem Desenho Artístico
610 ## - Termos não controlados
Palavra de ordem Banda Desenhada
675 ## - CDU
Notação 74
Edição PT
Língua por
700 ## - Autor principal (pessoa individual)
ID Autoridade 15562
Apelido Mocho
Nome Ruben
801 ## - Fonte de origem
País PT
Agência BMMN
Regras de catalogação RPC
830 ## - Notas gerais do catalogador
Criado por Isabel
990 ## - Elementos KOHA
Tipo de documento Livro
Exemplares
Situação do levantamento Biblioteca de origem Código de barras Cota Permissão de empréstimo Tipo de documento Forma de aquisição
  Biblioteca Municipal de Montemor-o-Novo 28768 74 MOC|AJ   Livro Oferta

Powered by Koha